| 000 | 01556cam a2200421 i 4500 | ||
|---|---|---|---|
| 001 | 68844 | ||
| 003 | Mx-PuUPA | ||
| 005 | 20240410104304.0 | ||
| 008 | 221014s2009 mx a gr 000 0 spa d | ||
| 020 | _a9786074712445 | ||
| 020 |
_a9789706889423 _qde la colección los piratas de el barco de vapor |
||
| 040 |
_aMx-PuUPA _bspa _cMx-PuUPA _dMx-PuUPA _erda |
||
| 041 | 1 |
_aspa _heng |
|
| 100 | 1 |
_910747 _aRoss, Tony, _d1938- _eautor |
|
| 240 | 1 | 0 |
_aI don't want to go to bed! _lEspañol |
| 245 | 1 | 0 |
_a¡No me quiero ir a la cama! / _cTony Ross ; traducción, Carmen Díaz-Villarejo |
| 250 | _aPrimera edición | ||
| 264 | 1 |
_aCiudad de México : _bSM de Ediciones, _c2009 |
|
| 300 |
_a26 páginas : _bilustraciones ; _c19 cm |
||
| 336 |
_2rdacontent _atexto _btxt |
||
| 336 |
_2rdacontent _aimagen fija _bsti |
||
| 337 |
_2rdamedia _asin medio _bn |
||
| 338 |
_2rdacarrier _avolumen _bnc |
||
| 490 | 1 |
_aEl bardo de vapor. Los Piratas ; _v14 M |
|
| 521 | 1 | _aPara empezar a leer. | |
| 650 | 7 |
_2armarc _aLiteratura inglesa |
|
| 650 | 7 |
_2armarc _aLiteratura infantil |
|
| 650 | 7 |
_2armarc _aPrincesas _xLiteratura infantil |
|
| 650 | 7 |
_2armarc _aPequeña princesa _x(Personaje ficticio) |
|
| 700 | 1 |
_aDíaz-Villarejo, Carmen, _etraductor |
|
| 765 | 0 | 8 |
_aRoss, Tony, 1938- _tI don't want to go to bed! |
| 830 | 0 |
_aBarco de vapor _pLos Piratas _v 14 M |
|
| 942 |
_2ddc _cLI _h823 _iB2214 |
||
| 999 |
_c68844 _d68844 |
||